000 00317nam a2200133Ia 4500
082 _a611
_bL2001S
100 _aCHUMMY S.SINNATAMBY
245 _aLAST'S ANATOMY : REGIONAL AND APPLIED
250 _a10TH
260 _bCHURCHILL LIVINGSTONE
_aEDINBURGH
_c2001
300 _a1-539
650 _aANATOMY
942 _2ddc
_cBK
999 _c2578
_d2578